Loading...
| Fine Arts - Classical Music | 5 | 12.00 | 100% | 0% | 20% |
| Fine Arts - Other Fine Arts | 5 | 20.00 | 100% | 60% | 40% |
| Fine Arts - Visual Fine Arts | 4 | 10.00 | 50% | 50% | 0% |
| History - American History | 3 | 16.67 | 67% | 67% | 33% |
| History - European History | 6 | 13.33 | 83% | 33% | 17% |
| History - Other History | 4 | 12.50 | 100% | 0% | 25% |
| History - World History | 6 | 15.00 | 67% | 67% | 17% |
| Literature - American Literature | 4 | 17.50 | 75% | 75% | 25% |
| Literature - British Literature | 3 | 13.33 | 100% | 33% | 0% |
| Literature - European Literature | 5 | 14.00 | 80% | 60% | 0% |
| Literature - World/Other Literature | 5 | 16.00 | 100% | 40% | 20% |
| Mythology | 3 | 16.67 | 67% | 67% | 33% |
| Other Academic | 1 | 20.00 | 100% | 100% | 0% |
| Philosophy | 4 | 10.00 | 50% | 25% | 25% |
| Pop Culture | 1 | 10.00 | 100% | 0% | 0% |
| Religion | 3 | 10.00 | 67% | 33% | 0% |
| Science - Biology | 5 | 16.00 | 80% | 60% | 20% |
| Science - Chemistry | 5 | 16.00 | 80% | 80% | 0% |
| Science - Other Science | 6 | 15.00 | 100% | 33% | 17% |
| Science - Physics | 4 | 10.00 | 75% | 0% | 25% |
| Social Science | 4 | 15.00 | 100% | 50% | 0% |
| World/Other Literature> | 1 | 20.00 | 100% | 100% | 0% |